000 00721cab a2200241 4500
001 ABS56458
008 090401t1997 xxu||||| |||| 00| 0 eng d
035 _a(Sirsi) u23751
041 _aeng
100 _aCrathorne, R.
245 _aFarm conversions prove a cash crop
260 _c1997
350 _a0
490 _aProperty Week
_v58(1) 10 January 1997, 21(1)
520 _aOutlines factors to consider that may encourage planners to take a favourable view on schemes to convert redundant farm buildings to other uses.
650 _aCONVERSION
650 _aFARM BUILDINGS
650 _aPLANNING ISSUES
650 _aREDUNDANT BUILDINGS
690 _aCONSERVATION
942 _n0
948 _c04/03/1997
999 _c15900
_d15900